000 00729nam a22002297a 4500
005 20220221173812.0
008 220221b |||||||| |||| 00| 0 eng d
020 _a978-99919-74-12-5
040 _aBUAC
_cBUC
041 _aFre.
100 _aRahimy Mohamed Chérif-Dee
245 _a Le Cames :
_bLa nebuleuse qui entrave l'essor du Bénin et de l'Afrique
_c/ par Mohamed Chérif Dee
260 _aCotonou :
_bAe Folly,
_c2018
300 _a191 p.
_bCouv.ill.en coul.;
_c21 cm.
500 _aAnnexes
630 _aSCIENCES SOCIALES
650 _aENSEIGNEMENT
651 _aEnseignement : innovation
_911393
651 _aEnseignement :organisation : Cames
700 _aLaleye, Oladé Okunlola
942 _2ddc
_cLBA
999 _c62070
_d62070